000 00943nam a2200277 a 4500
001 65843
003 BD-RjUL
005 20211209081453.0
008 170312s2001 njuab b 001 0 eng
020 _a0691021295 (cloth : alk. paper)
020 _a0691021287 (pbk. : alk. paper)
035 _a(BD-RjUL)65973
040 _aDLC
_cDLC
_dBD-RjUL
_beng
041 _aeng
082 0 0 _a578.09
_223
_bHUU 2001
100 1 _aHubbell, Stephen P.,
_d1942-
_9194711
245 1 4 _aThe unified neutral theory of biodiversity and biogeography /
_cStephen P. Hubbell.
260 _aPrinceton :
_bPrinceton University Press,
_cc2001.
300 _axiv, 375 p. :
_bill., ;
_c23 cm.
504 _aIncludes bibliographical references and include index
650 0 _aBiogeography.
_9194713
650 0 _aBiodiversity.
_9179063
856 _uMonographs in population biology
942 _2ddc
_cBK
999 _c65843
_d65843